| 000 | 00513cam a22001451 4500 | ||
|---|---|---|---|
| 082 |
_a491.439 _bCAT _cL-29, P-2 |
||
| 100 | 1 |
_aCatchpole, H. _938865 |
|
| 245 | 0 | 0 |
_aElementary Urdu, _bgeneral and military (roman script) _cby Captain H. Catchpole ... |
| 260 |
_aIpswich, Eng., _bW. S. Cowell ltd., distributed by Luzac & Co., London _c[1946] |
||
| 300 |
_avi, 146 p. _c22 cm. |
||
| 526 |
_a0 _b0 _c0 _d491_439000000000000_CAT |
||
| 650 | 0 |
_aHindustani language _xGrammar. _938866 |
|
| 650 | 0 |
_aMCE _9379 |
|
| 942 |
_2ddc _cBK |
||
| 999 |
_c543488 _d543488 |
||